00314nam a22001097a 4500020001500000040000900015082001600024100002300040245004900063260004300112650004900155 a0130891614 cNUST a621.395 CIL aCiletti, Michael D aAdvanced Digital Design With the Verilog HDL aNew Jersey:bPearson Education,c2003. aAdvanced Digital Design With the Verilog HDL